<?xml version="1.0" encoding="UTF-8"?>
<record
    xmlns:xsi="http://www.w3.org/2001/XMLSchema-instance"
    xsi:schemaLocation="http://www.loc.gov/MARC21/slim http://www.loc.gov/standards/marcxml/schema/MARC21slim.xsd"
    xmlns="http://www.loc.gov/MARC21/slim">

  <leader>02728    a2200241   4500</leader>
  <controlfield tag="001">48118</controlfield>
  <controlfield tag="005">20260407155747.0</controlfield>
  <controlfield tag="008">260407a2008    arg                 spa d</controlfield>
  <controlfield tag="003">AR-UNSa-BCEJYS</controlfield>
  <datafield tag="040" ind1=" " ind2=" ">
    <subfield code="a">AR-UNSa-BCEJYS</subfield>
    <subfield code="b">spa</subfield>
    <subfield code="c">AR-UNSa-BCEJYS</subfield>
  </datafield>
  <datafield tag="080" ind1=" " ind2=" ">
    <subfield code="a">330</subfield>
    <subfield code="x">Econom&#xED;a en general</subfield>
  </datafield>
  <datafield tag="245" ind1="1" ind2="0">
    <subfield code="a">The philosophy of economics</subfield>
    <subfield code="p">an anthology</subfield>
  </datafield>
  <datafield tag="020" ind1=" " ind2=" ">
    <subfield code="a">978-0-521-70984-2</subfield>
  </datafield>
  <datafield tag="250" ind1=" " ind2=" ">
    <subfield code="a">3a. ed.</subfield>
  </datafield>
  <datafield tag="264" ind1=" " ind2="1">
    <subfield code="a">New York :</subfield>
    <subfield code="b">Cambridge University Press</subfield>
    <subfield code="c">2008</subfield>
  </datafield>
  <datafield tag="300" ind1=" " ind2=" ">
    <subfield code="a">vii, 527 p.</subfield>
    <subfield code="c">23 cm.</subfield>
  </datafield>
  <datafield tag="505" ind1=" " ind2=" ">
    <subfield code="a">PART ONE: Classic Discussions: 1. On the Definition and Method of Political Economy / John Stuart Mill - 2. Objectivity and Understanding in Economics / Max Weber - 3. The Nature and Significance of Economic Science / Lionel Robbins - 4. Economics and Human Action / Frank Knight - 5. Selected Texts on Economics, History, and Social Science / Karl Marx - 6. The Limitations of Marginal Utility / Thorstein Veblen - PART TWO: Positivist and Popperian Views: 7. The Methodology of Positive Economics / Milton Friedman - 8. Testability and Approximation / Herbert Simon - 9. Why Look Under the Hood? / Daniel M. Hausman - 10. Popper and Lakatos in Economic Methodology / D. Wade Hands - PART THREE: Ideology and Normative Economics: 11. Science and Ideology / Joseph Schumpeter - 12. Welfare Propositions of Economics and Interpersonal Comparisons of Utility - / Nicholas Kaldor - 13. The Philosophical Foundations of Mainstream Normative Economics / Daniel M. Hausman and Michael S. McPherson - 14. Why Is Cost-Benefit Analysis So Controversial? / Robert H. Frank - 15. Capability and Well-Being / Amartya Sen - PART FOUR: Branches and Schools of Economics and Their Methodological Problems: 16. Econometrics as Observation: The Lucas Critique and the Nature of Econometric Inference / Kevin D. Hoover - 17. Does Macroeconomics Need Microfoundations? / Kevin D. Hoover - 18. Economics in the Laboratory / Vernon Smith - 19. Neuroeconomics: Using Neuroscience to Make Economic Predictions / Colin F. Camerer - 20. The Market as a Creative Process / James M. Buchanan and Viktor J. Vanberg - 21. What Is the Essence of Institutional Economics? / Geoffrey M. Hodgson - PART FIVE: New Directions in Economic Methodology: 22. The Rhetoric of This Economics / Deirdre N. McCloskey - 23. Realism / Uskali M&#xE4;ki - 24. What Has Realism Got to Do with It? / Tony Lawson - 25. Feminism and Economics / Julie A. Nelson - 26. Credible Worlds: The Status of Theoretical Models in Economics / Robert Sugden.</subfield>
  </datafield>
  <datafield tag="041" ind1=" " ind2=" ">
    <subfield code="a">spa</subfield>
  </datafield>
  <datafield tag="942" ind1=" " ind2=" ">
    <subfield code="c">BK</subfield>
  </datafield>
  <datafield tag="590" ind1=" " ind2=" ">
    <subfield code="a">niveau_biblio:m niveau_hierar:0</subfield>
  </datafield>
  <datafield tag="100" ind1="1" ind2=" ">
    <subfield code="a">Hausman, Daniel M.</subfield>
  </datafield>
  <datafield tag="856" ind1="4" ind2="1">
    <subfield code="u">https://www.biblioeco.unsa.edu.ar/pmb/images/libros/L127866.jpg</subfield>
    <subfield code="y">Imagen de portada</subfield>
    <subfield code="q">image/jpeg</subfield>
  </datafield>
  <datafield tag="999" ind1=" " ind2=" ">
    <subfield code="c">4557</subfield>
    <subfield code="d">4557</subfield>
  </datafield>
  <datafield tag="952" ind1=" " ind2=" ">
    <subfield code="0">0</subfield>
    <subfield code="1">0</subfield>
    <subfield code="4">0</subfield>
    <subfield code="7">0</subfield>
    <subfield code="a">BCEJYS</subfield>
    <subfield code="b">BCEJYS</subfield>
    <subfield code="c">16</subfield>
    <subfield code="d">2026-04-07</subfield>
    <subfield code="l">0</subfield>
    <subfield code="o">330 H376 3ed.</subfield>
    <subfield code="p">L127866</subfield>
    <subfield code="r">2026-04-07 15:57:47</subfield>
    <subfield code="w">2026-04-07</subfield>
    <subfield code="y">L</subfield>
  </datafield>
</record>
